000 01298nam a22002297a 4500
999 _c57575
_d57575
003 Ge_BSU
005 20200806124657.0
008 200806s2018 ge ||||| |||| 00| 0 geo d
020 _a9789941182976
041 _ageo
080 _a340.1 ო-47
100 _aონორე, ტონი.
_99115
245 _aმოკლე შესავალი სამართალმცოდნეობაში /
_cტონი ონორე ; მთარგმნელი და სამეცნ. რედაქტორი გიორგი მელაძე ; რედაქტორები: ნატალია ვაჩეიშვილი, თეა ქიტოშვილი.
264 _aთბილისი :
_bილიას სახელმწ. უნ-ტი,
_c2018.
300 _a136 გვ. ;
_b22 სმ.
501 _aლექსიკონი: გვ. 131-136.
653 _aსამართალმცოდნეობა.
700 _aმელაძე, გიორგი
_eსამეცნ. რედაქტორი
_9824
700 _aვაჩეიშვილი, ნატალია
_eრედაქტორი.
_99116
700 _aქიტოშვილი, თეა
_eრედაქტორი
_93281
942 _2udc
_cBK